|
|
|
|
| LEADER |
00567nam a2200157Ia 4500 |
| 008 |
150624b xxu||||| |||| 00| e mal d |
| 082 |
|
|
|a 854.4209
|
| 100 |
|
|
|a Sreekumar, S. S.
|
| 245 |
|
|
|c S. S. Sreekumar
|a Dr. K Bhaskaran nayarude sahithya niroopanam /
|
| 260 |
|
|
|a Kozhikode :
|b National Book Stall ,
|c 1990.
|
| 300 |
|
|
|a 117 p.
|
| 546 |
|
|
|a In Malayalam.
|
| 650 |
|
|
|v Essays
|
| 942 |
|
|
|c BK
|
| 999 |
|
|
|c 82383
|d 82383
|
| 952 |
|
|
|0 0
|1 0
|4 0
|6 854_420900000000000_SRE_S_M
|7 0
|9 82327
|a UL
|b UL
|c ST1
|d 1998-09-15
|l 2
|o 854.4209 SRE/S M
|p 64054
|q 2022-01-23
|r 2021-12-24
|s 2021-12-24
|w 2012-10-27
|y BK
|